A priori and a posteriori travel market segmentation : tailoring automatic interaction detection and cluster analysis for tourism marketing
Αποθηκεύτηκε σε:
| Κύριος συγγραφέας: | |
|---|---|
| Άλλοι συγγραφείς: | |
| Μορφή: | Βιβλίο |
| Γλώσσα: | English |
| Δημοσίευση: |
Paris :
Centre des hautes etudes du tourisme,
1990.
|
| Σειρά: | Cahiers du tourisme.
62 |
| Θέματα: | |
| Ετικέτες: |
Προσθήκη ετικέτας
Δεν υπάρχουν, Καταχωρήστε ετικέτα πρώτοι!
|
MARC
| LEADER | 00000cam a2200000 i 4500 | ||
|---|---|---|---|
| 001 | 1/68507 | ||
| 008 | 960620s1990 fr | ||| |||| ||eng|| | ||
| 035 | |l 10030212 | ||
| 040 | |a GR-MyUa |b gre |e AACR2 | ||
| 041 | 0 | |a eng | |
| 082 | 7 | |a 338.4791 |2 (22) | |
| 100 | 1 | |a Vavrik, Ursula. | |
| 245 | 1 | 2 | |a A priori and a posteriori travel market segmentation : |b tailoring automatic interaction detection and cluster analysis for tourism marketing / |c U.Vavrik, J.A. Mazanec. |
| 260 | |a Paris : |b Centre des hautes etudes du tourisme, |c 1990. | ||
| 300 | |a 32 σ. : |b εικ. ; |c 30 εκ. | ||
| 490 | 1 | |a (Cahiers du tourisme. Serie C ; |v 62) | |
| 504 | |a Περιλαμβάνει βιβλιογραφία. | ||
| 650 | 0 | |a Tourism. | |
| 650 | 0 | |a Tourism |x Marketing. | |
| 650 | 0 | |a Tourism |x Mathematical models. | |
| 700 | 1 | |a Mazanec, Josef A. | |
| 830 | 0 | |a Cahiers du tourisme. |n Serie C ; |v 62 | |
| 852 | |a INST |b CHIOS |e 19960620 |h 338.4791 VAR |p 005200007633 |q 005200007633 |t BK |y 0 | ||